| 000 | 00692nam a22002177a 4500 | ||
|---|---|---|---|
| 999 |
_c12481 _d12481 |
||
| 003 | AR-CdUCM | ||
| 008 | 190409b ||||| |||| 00| 0 spa d | ||
| 020 | _a978 1 86291 969 3 | ||
| 040 |
_aMUNICIPALIDAD PROVINCIAL DEL CUSCO _cBIBLIOTECA MUNICIPAL DEL CUSCO |
||
| 082 |
_aEP / 372 / _bAR71 |
||
| 100 |
_aArgent, Kerry _930339 |
||
| 245 | _aOne Woolly Wombat / | ||
| 260 |
_aAustralia : _bOmnibus Books, _c2014. |
||
| 300 |
_a14 paginas ; _bIlustraciones, Graficos, Dibujos, _c28 cm. |
||
| 500 | _aTexto en ingles Cuento Infantil | ||
| 650 |
_aCuento Infantil _94581 |
||
| 650 |
_aLiteratura _983 |
||
| 650 |
_aTexto educativo _925832 |
||
| 942 |
_2ddc _cLIBROS |
||
| 945 |
_apjha _d2019-04-09 |
||